[Event "HUN-chT2 Asztalos 1314"]
[Site "Hungary"]
[Date "2014.03.23"]
[Round "7"]
[White "Paszler, Jozsef"]
[Black "Kiss, Tamas B"]
[Result "1-0"]
[WhiteElo "2196"]
[BlackElo "1996"]
[PlyCount "75"]
[EventDate "2013.09.08"]
[EventType "team-tourn"]
[EventRounds "9"]
[EventCountry "HUN"]
[SourceTitle "EXT 2016"]
[Source "ChessBase"]
[SourceDate "2015.10.08"]
[SourceVersion "1"]
[SourceVersionDate "2015.10.08"]
[SourceQuality "1"]
[WhiteTeam "Decs 1990 II"]
[BlackTeam "Pecs Karmin"]
[WhiteTeamCountry "HUN"]
[BlackTeamCountry "HUN"]

1. d4 Nf6 2. Nf3 g6 3. Bg5 Bg7 4. Nc3 h6 5. Bf4 d6 6. e4 0-0 7. Qd2 g5 8. Be3 Ng4 9. Bd3 Nc6 10. 0-0-0 e5 11. dxe5 Ncxe5 12. Nxe5 Bxe5 13. g3 Nxe3 14. Qxe3 Qf6 15. Be2 Be6 16. h4 g4 17. f4 gxf3 18. Bxf3 Kh8 19. Bh5 Qg7 20. g4 f6 21. Ne2 Bf7 22. Bxf7 Rxf7 23. Rhg1 Re8 24. Nf4 Bxf4 25. Qxf4 Qg6 26. Rde1 Re5 27. Rgf1 Kg7 28. Re3 Rfe7 29. Rfe1 c6 30. c4 b5 31. cxb5 cxb5 32. b3 Qe8 33. Kb2 d5 34. Rf1 Qg6 35. g5 hxg5 36. hxg5 f5 37. exf5 Rxe3 38. fxg6 1-0

[Event "HUN-chT2 Asztalos 1112"]
[Site "Hungary"]
[Date "2012.05.20"]
[Round "11.3"]
[White "Paszler, Jozsef"]
[Black "Illes, Attila"]
[Result "1-0"]
[WhiteElo "2200"]
[BlackElo "2077"]
[PlyCount "67"]
[EventDate "2011.09.25"]
[EventType "team-tourn"]
[EventRounds "11"]
[EventCountry "HUN"]
[SourceTitle "EXT 2013"]
[Source "ChessBase"]
[SourceDate "2012.11.22"]
[SourceVersion "1"]
[SourceVersionDate "2012.11.22"]
[SourceQuality "1"]
[WhiteTeam "Decs II"]
[BlackTeam "Kaposvar Bastya"]
[WhiteTeamCountry "HUN"]
[BlackTeamCountry "HUN"]

1. e4 c5 2. Nf3 Nc6 3. d4 cxd4 4. Nxd4 e6 5. Be2 a6 6. 0-0 Qc7 7. c4 Nf6 8. Nc3 Bd6 9. h3 Bf4 10. Re1 Qe5 11. Nf3 Qc7 12. Bd3 Bxc1 13. Rxc1 Ne5 14. Qe2 h6 15. Nxe5 Qxe5 16. c5 0-0 17. Qe3 d6 18. cxd6 Nd7 19. Red1 Qxd6 20. Bb5 Qe7 21. Ba4 b5 22. Bc2 Bb7 23. e5 Rfd8 24. Rd6 Nf8 25. Rcd1 Rxd6 26. exd6 Qg5 27. Qxg5 hxg5 28. Ne4 Rc8 29. d7 Rd8 30. Nc5 Bc6 31. Rd6 Bd5 32. Rxa6 g6 33. Bd3 Nxd7 34. Rd6 1-0

[Event "HUN-chT2 Charousek 1011"]
[Site "Hungary"]
[Date "2011.05.01"]
[Round "10"]
[White "Szeberenyi, Adam"]
[Black "Paszler, Jozsef"]
[Result "1/2-1/2"]
[WhiteElo "2317"]
[BlackElo "2218"]
[PlyCount "62"]
[EventDate "2010.09.12"]
[EventType "team-tourn"]
[EventRounds "11"]
[EventCountry "HUN"]
[SourceTitle "EXT 2012"]
[Source "ChessBase"]
[SourceDate "2011.11.24"]
[SourceVersion "1"]
[SourceVersionDate "2011.11.24"]
[SourceQuality "1"]
[WhiteTeam "Tatai Honved"]
[BlackTeam "Decs II"]
[WhiteTeamCountry "HUN"]
[BlackTeamCountry "HUN"]

1. d4 Nf6 2. Nf3 g6 3. c4 Bg7 4. Nc3 d6 5. Bg5 0-0 6. e3 c6 7. Be2 Nbd7 8. 0-0 e5 9. Qc2 Qe7 10. Rad1 h6 11. Bh4 Re8 12. dxe5 dxe5 13. Nd2 Nc5 14. b4 Ne6 15. Bxf6 Bxf6 16. Nde4 Bg7 17. c5 Nf8 18. Nd6 Rd8 19. Nxc8 Raxc8 20. Ne4 Kh7 21. Bc4 f5 22. Nd6 Rc7 23. e4 f4 24. Rd3 Ne6 25. Bxe6 Qxe6 26. Rfd1 b6 27. Nc4 Rd4 28. Rxd4 exd4 29. Nd6 b5 30. Qb3 Qxb3 31. axb3 Be5 1/2-1/2

[Event "HUN-chT2 Asztalos 0708"]
[Site "Hungary"]
[Date "2008.03.02"]
[Round "7"]
[White "Paszler, Jozsef"]
[Black "Ivan, Zoltan"]
[Result "1/2-1/2"]
[WhiteElo "2244"]
[BlackElo "2195"]
[PlyCount "60"]
[EventDate "2007.10.14"]
[EventType "team"]
[EventRounds "11"]
[EventCountry "HUN"]
[SourceTitle "EXT 2009"]
[Source "ChessBase"]
[SourceDate "2008.11.26"]
[SourceVersion "1"]
[SourceVersionDate "2008.11.26"]
[SourceQuality "1"]
[WhiteTeam "Szekszard"]
[BlackTeam "Komlo Banyasz"]
[WhiteTeamCountry "HUN"]
[BlackTeamCountry "HUN"]

1. d4 Nf6 2. Nf3 c5 3. c4 cxd4 4. Nxd4 Nc6 5. Nc3 g6 6. e4 d6 7. Be2 Bg7 8. Be3 0-0 9. 0-0 Bd7 10. Rc1 Nxd4 11. Bxd4 Bc6 12. f3 Bh6 13. Rc2 Nh5 14. g3 e5 15. Bf2 f5 16. Qd3 fxe4 17. fxe4 Nf6 18. Rd1 Qe7 19. Be3 Bxe3+ 20. Qxe3 b6 21. Rcd2 Rad8 22. b4 Kg7 23. a3 h6 24. Rd3 Qc7 25. R3d2 Qe7 26. a4 Qc7 27. Rc1 Qb7 28. Bf3 Qf7 29. Be2 Qb7 30. Bf3 Qf7 1/2-1/2

[Event "HUN-chT2 Charousek 0607"]
[Site "Hungary"]
[Date "2006.12.17"]
[Round "4"]
[White "Ter, Marcell"]
[Black "Paszler, Jozsef"]
[Result "1/2-1/2"]
[WhiteElo "2071"]
[BlackElo "2240"]
[PlyCount "129"]
[EventDate "2006.11.12"]
[EventType "team"]
[EventRounds "11"]
[EventCountry "HUN"]
[SourceTitle "EXT 2008"]
[Source "ChessBase"]
[SourceDate "2007.11.25"]
[SourceVersion "1"]
[SourceVersionDate "2007.11.25"]
[SourceQuality "1"]
[WhiteTeam "Csuti II"]
[BlackTeam "Decs"]
[WhiteTeamCountry "HUN"]
[BlackTeamCountry "HUN"]

1. e4 c5 2. Nf3 Nc6 3. d4 cxd4 4. Nxd4 Nf6 5. Nc3 e5 6. Ndb5 d6 7. Bg5 a6 8. Na3 b5 9. Nd5 Be7 10. Bxf6 Bxf6 11. c4 b4 12. Nc2 Rb8 13. b3 0-0 14. Be2 Bg5 15. Qd3 f5 16. Bf3 Qa5 17. 0-0 f4 18. a3 bxa3 19. Rxa3 Qd8 20. b4 Ne7 21. Rd1 Bb7 22. Nc3 Qc8 23. Qxd6 Qxc4 24. Bg4 Qc6 25. Qxe5 Bf6 26. Qe6+ Kh8 27. Qxc6 Nxc6 28. Nd5 Ne5 29. Be2 Rfc8 30. Ra2 Bg5 31. Ne1 Rc6 32. Nf3 Nxf3+ 33. Bxf3 Rc4 34. h3 h6 35. Rb1 Bxd5 36. exd5 Rcxb4 37. Rxb4 Rxb4 38. Rxa6 Rb1+ 39. Kh2 Rb8 40. d6 Rd8 41. Be4 g6 42. Bxg6 Kg7 43. Bf5 Kf6 44. Bg4 Rb8 45. d7+ Ke7 46. Ra4 Rb2 47. Rd4 Kd8 48. Rc4 Ke7 49. Rc8 Rd2 50. Re8+ Kf7 51. Re2 Rxe2 52. Bxe2 Bd8 53. g3 Ke7 54. Bb5 Bc7 55. h4 fxg3+ 56. fxg3 Kf6 57. Kg2 h5 58. Kf3 Ke5 59. Bd3 Ke6 60. Bb5 Kf5 61. Ba4 Ke5 62. Bc2 Ke6 63. Bg6 Kxd7 64. Bxh5 Bxg3 65. Kxg3 1/2-1/2

[Event "HUN-chT2 Charousek 0607"]
[Site "Hungary"]
[Date "2006.11.12"]
[Round "1"]
[White "Sipos, Janos"]
[Black "Paszler, Jozsef"]
[Result "1-0"]
[WhiteElo "2120"]
[BlackElo "2240"]
[PlyCount "105"]
[EventDate "2006.11.12"]
[EventType "team"]
[EventRounds "11"]
[EventCountry "HUN"]
[SourceTitle "EXT 2008"]
[Source "ChessBase"]
[SourceDate "2007.11.25"]
[SourceVersion "1"]
[SourceVersionDate "2007.11.25"]
[SourceQuality "1"]
[WhiteTeam "Nagykanizsa II"]
[BlackTeam "Decs"]
[WhiteTeamCountry "HUN"]
[BlackTeamCountry "HUN"]

1. d4 Nf6 2. c4 g6 3. Nc3 Bg7 4. e4 d6 5. Be2 Nbd7 6. Nf3 0-0 7. 0-0 e5 8. Re1 c6 9. d5 Nc5 10. Qc2 a5 11. dxc6 bxc6 12. Be3 Ne6 13. Rad1 Ng4 14. Bc1 Qb6 15. Bf1 Nd4 16. Nxd4 exd4 17. Na4 Qc7 18. h3 Ne5 19. f4 Nd7 20. b3 c5 21. Nb2 Nb8 22. Nd3 Nc6 23. g4 Bb7 24. Bg2 Nb4 25. Qf2 f5 26. gxf5 gxf5 27. e5 Bxg2 28. Qxg2 Kh8 29. exd6 Qxd6 30. Ne5 Ra7 31. a3 Rg8 32. Kh1 Na6 33. Rg1 Qf6 34. Rd3 Nc7 35. Bd2 Ne8 36. Qd5 Rc7 37. Rdg3 Nd6 38. Bxa5 Re7 39. Bd2 Ne4 40. Rxg7 Rexg7 41. Rxg7 Rxg7 42. Be1 h6 43. Kh2 Qe7 44. b4 Qe8 45. bxc5 Qh5 46. Ng4 Qg6 47. c6 fxg4 48. c7 g3+ 49. Kg1 Qe8 50. Qxd4 Nd6 51. Bc3 Nf5 52. Qd8 Nd6 53. Qxe8+ 1-0

[Event "HUN-chT2 Asztalos 0506"]
[Site "Hungary"]
[Date "2006.04.09"]
[Round "10"]
[White "Kiss, Lajos"]
[Black "Paszler, Jozsef"]
[Result "1-0"]
[WhiteElo "2123"]
[BlackElo "2254"]
[PlyCount "87"]
[EventDate "2005.10.16"]
[EventType "team"]
[EventRounds "11"]
[EventCountry "HUN"]
[SourceTitle "EXT 2009"]
[Source "ChessBase"]
[SourceDate "2008.11.26"]
[SourceVersion "1"]
[SourceVersionDate "2008.11.26"]
[SourceQuality "1"]
[WhiteTeam "Koppany"]
[BlackTeam "Szekszard"]
[WhiteTeamCountry "HUN"]
[BlackTeamCountry "HUN"]

1. e4 c5 2. Nf3 Nc6 3. Bb5 g6 4. Bxc6 bxc6 5. 0-0 Bg7 6. Re1 Nf6 7. e5 Nd5 8. c4 Nb6 9. d4 cxd4 10. Qxd4 0-0 11. Qh4 d5 12. c5 Nc4 13. b3 Na5 14. Bh6 Nb7 15. Ng5 f6 16. exf6 exf6 17. Bxg7 fxg5 18. Qd4 Rf7 19. Bh6 Bf5 20. Nd2 g4 21. f3 Qf6 22. Qxf6 Rxf6 23. b4 a5 24. a3 gxf3 25. Nxf3 Be4 26. Ng5 Re8 27. Rad1 Rf5 28. Nxe4 dxe4 29. Rd7 Rf7 30. Red1 axb4 31. axb4 e3 32. Rxf7 Kxf7 33. Rd7+ Re7 34. Rxe7+ Kxe7 35. Bxe3 Ke6 36. Kf2 Kd5 37. Ke2 Kc4 38. Bd2 Nd8 39. Ke3 Ne6 40. Ke4 Nc7 41. Ke5 Nb5 42. Kf6 Kd3 43. Bc1 Kc4 44. Kg7 1-0

[Event "HUN-chT2 Asztalos 0506"]
[Site "Hungary"]
[Date "2005.11.27"]
[Round "4"]
[White "Strenner, Balazs"]
[Black "Paszler, Jozsef"]
[Result "1-0"]
[WhiteElo "1958"]
[BlackElo "2254"]
[PlyCount "53"]
[EventDate "2005.10.16"]
[EventType "team"]
[EventRounds "11"]
[EventCountry "HUN"]
[SourceTitle "EXT 2009"]
[Source "ChessBase"]
[SourceDate "2008.11.26"]
[SourceVersion "1"]
[SourceVersionDate "2008.11.26"]
[SourceQuality "1"]
[WhiteTeam "MAV Elore"]
[BlackTeam "Szekszard"]
[WhiteTeamCountry "HUN"]
[BlackTeamCountry "HUN"]

1. e4 c5 2. c3 e5 3. Nf3 Nc6 4. Bc4 h6 5. 0-0 Nf6 6. d3 Be7 7. Re1 0-0 8. Na3 a6 9. Nc2 d6 10. a4 Bg4 11. Ne3 Be6 12. Nd5 Na5 13. Ba2 Bxd5 14. exd5 b5 15. b4 cxb4 16. cxb4 Nb7 17. a5 Ng4 18. h3 Nf6 19. d4 exd4 20. Nxd4 Qd7 21. Bf4 Rac8 22. Qf3 Nh7 23. Rac1 Bf6 24. Nc6 Rfe8 25. Bb1 Bg5 26. Bxg5 hxg5 27. Bf5 1-0

[Event "HUN-chT2 Asztalos 0405"]
[Site "Hungary"]
[Date "2005.02.06"]
[Round "7"]
[White "Papagorasz, Takisz"]
[Black "Paszler, Jozsef"]
[Result "1-0"]
[WhiteElo "2262"]
[BlackElo "2263"]
[PlyCount "72"]
[EventDate "2004.09.26"]
[EventType "team"]
[EventRounds "11"]
[EventCountry "HUN"]
[SourceTitle "EXT 2009"]
[Source "ChessBase"]
[SourceDate "2008.11.26"]
[SourceVersion "1"]
[SourceVersionDate "2008.11.26"]
[SourceQuality "1"]
[WhiteTeam "Fehervar"]
[BlackTeam "Szekszard"]
[WhiteTeamCountry "HUN"]
[BlackTeamCountry "HUN"]

1. d4 Nf6 2. c4 c5 3. d5 e5 4. Nc3 d6 5. e4 g6 6. Bd3 Bg7 7. Nge2 0-0 8. h3 a6 9. Bg5 Qe8 10. Qd2 Kh8 11. 0-0 Ng8 12. Be3 f5 13. f4 Nd7 14. Rae1 Ngf6 15. Ng3 fxe4 16. Ncxe4 Nxe4 17. Nxe4 Qe7 18. Ng5 exf4 19. Bxf4 Ne5 20. Bxe5 Rxf1+ 21. Rxf1 dxe5 22. d6 Qe8 23. Be4 h6 24. Nf7+ Kh7 25. Qd3 Bf5 26. Bxf5 Qxf7 27. Be4 Qe6 28. Bd5 e4 29. Qg3 Qe5 30. Qxe5 Bxe5 31. Rf7+ Kh8 32. Bxb7 Rd8 33. d7 e3 34. b3 Bd4 35. Kf1 a5 36. Ke2 Be5 1-0

[Event "HUN-chT2 Asztalos 0405"]
[Site "Hungary"]
[Date "2004.12.19"]
[Round "5"]
[White "Paszler, Jozsef"]
[Black "Horvath, Karoly"]
[Result "1/2-1/2"]
[WhiteElo "2263"]
[BlackElo "2173"]
[PlyCount "58"]
[EventDate "2004.09.26"]
[EventType "team"]
[EventRounds "11"]
[EventCountry "HUN"]
[SourceTitle "EXT 2009"]
[Source "ChessBase"]
[SourceDate "2008.11.26"]
[SourceVersion "1"]
[SourceVersionDate "2008.11.26"]
[SourceQuality "1"]
[WhiteTeam "Szekszard"]
[BlackTeam "Koppany"]
[WhiteTeamCountry "HUN"]
[BlackTeamCountry "HUN"]

1. d4 d5 2. Nf3 Nf6 3. Bg5 e6 4. e3 Be7 5. Nbd2 Nbd7 6. Ne5 Nxe5 7. dxe5 Ne4 8. Bxe7 Qxe7 9. Nxe4 dxe4 10. Qd4 f5 11. 0-0-0 Bd7 12. Rd2 b6 13. Ba6 c5 14. Qc4 Kf7 15. Rhd1 Rhd8 16. Rd6 Be8 17. g4 g6 18. gxf5 gxf5 19. f3 exf3 20. Qf4 Kg8 21. Bc4 Bf7 22. Qh6 Rxd6 23. exd6 Qd7 24. Qf6 Re8 25. h4 f2 26. Rd2 Qd8 27. Qh6 Kh8 28. Rxf2 Qxd6 29. Qf6+ Kg8 1/2-1/2

[Event "HUN-chT2 Asztalos 0203"]
[Site "Hungary"]
[Date "2002.12.08"]
[Round "4"]
[White "Paszler, Jozsef"]
[Black "Vrban, Mladen"]
[Result "0-1"]
[WhiteElo "2240"]
[BlackElo "2286"]
[PlyCount "66"]
[EventDate "2002.09.22"]
[EventType "team"]
[EventRounds "11"]
[EventCountry "HUN"]
[SourceTitle "EXT 2009"]
[Source "ChessBase"]
[SourceDate "2008.11.26"]
[SourceVersion "1"]
[SourceVersionDate "2008.11.26"]
[SourceQuality "1"]

1. e4 c5 2. Nf3 d6 3. d4 cxd4 4. Nxd4 Nf6 5. Nc3 g6 6. Be2 Bg7 7. Be3 0-0 8. 0-0 Nc6 9. h3 a6 10. Qd2 Bd7 11. Rad1 Qa5 12. Rfe1 Rfc8 13. Nb3 Qc7 14. f4 Be6 15. Bf3 b5 16. Nd5 Bxd5 17. exd5 Nd8 18. c3 Nb7 19. Bf2 Re8 20. Nd4 Na5 21. Re2 Rac8 22. Rde1 Kf8 23. f5 Nc4 24. Qg5 Ne5 25. Be4 h6 26. Qd2 g5 27. h4 g4 28. Bc2 Kg8 29. Be3 Nc4 30. Qc1 Nxe3 31. Qxe3 Nxd5 32. Qd3 Nf4 33. Qe4 d5 0-1